Представление документа в формате RUSMARC

ПолеНазваниеЗначение
  Тип записи a
  Библиографический уровень m
001 Контрольный номер RU\NLR\BIBL_A\011895045
005 Дата корректировки 20230718144941.1
010 Индекс ISBN __
a ISBN 978-5-04-092513-1
9 Тираж 3000
d Цена 376-53
021 № государственной регистрации __
a Код страны RU
b № документа 2018-89259
035 Другие системные номера __
a Идентификатор записи (RuMoRGB)009816268
100 Данные общей обработки __
a Данные общей обработки 20181218d2019 em y0rusa0189 ca
101 Язык документа 1_
a Язык текста rus
c Язык оригинала eng
102 Страна публикации __
a Страна публикации RU
105 Кодированные данные (монография) __
a Кодированные данные (монография) a z 001zy
200 Заглавие и сведения об ответственности 1_
a Заглавие Сила воли не работает
e Сведения, относящиеся к заглавию пусть твое окружение работает вместо нее
f Первые сведения об ответственности Бенжамин Харди
g Последующие сведения об ответственности [пер. с англ. Э. Мельник]
210 Выходные данные 1_
a Место издания Москва
c Издательство Бомбора™
c Издательство Эксмо
d Дата издания 2019
215 Физическое описание __
a Объем 285, [1] с.
c Иллюстрации/тип воспроизводства ил.
d Формат 22
225 Серия (Журнальная рубрика) 1_
a Серия (Журнальная рубрика) New Concept
320 Библиография __
a Библиография Указ.: с. 273-276
330 Аннотация __
a Аннотация Бенжамин Харди, доктор организационной психологии, успешный блогер и отец троих приемных детей, предлагает заменить ненадежную силу воли мощным "экзоскелетом". Заставить окружающую среду - ваших друзей, социальные сети, стрессовые обстоятельства, питание и распорядок дня - толкать вас на пути к поставленной цели. Система Харди - это идеальное оружие против: - самосаботажа, - самобичевания, - хронического стресса, - одиночества на пути к успеху, - страха неудач и отказов.
333 Примечание о целевом назначении __
a Примечание о целевом назначении 16+
606 Тематические рубрики 1_
a Основная рубрика Психология
j Формальный подзаголовок Популярные издания
2 Код системы nlr_sh
3 Контрольный № нормативной записи RU\NLR\AUTH\661255123
606 Тематические рубрики __
a Основная рубрика Психические процессы
610 Ключевые слова 0_
a Ключевые слова воля
a Ключевые слова развитие силы воли
686 Индексы других классификаций __
a Индекс ББК 88.25
v Номер издания LBC/SL
2 Код системы rubbk
700 Автор _1
a Фамилия Харди
b Имя Б.
g Полное личное имя Бенжамин
801 Источник записи _0
a Страна RU
b Организация NLR
c Дата составления 20181218
g Правила каталогизации RCR
801 Источник записи _1
a Страна RU
b Организация NLR
c Дата составления 20181218
2 Код формата rusmarc
801 Источник записи _2
a Страна RU
b Организация NLR
c Дата составления 20190111
2 Код формата rusmarc
801 Источник записи _2
a Страна RU
b Организация Центральная районная библиотека им. Г. А. Пирожникова
852 Данные о местонахождении __
j Шифр хранения 88.25
i Авторский знак Х 201
901 Тип документа __
t Тип документа m
902 Роль лиц __
b Редактор БЗ ОКиОЛ/Струналь